Διερεύνηση προτύπων ποικιλότητας φυτοπλαγκτικών βιοκοινοτήτων στα παράκτια μεταβατικά οικοσυστήματα των αλυκών Καλλονής Λέσβου : μεταπτυχιακή διατριβή

Αποθηκεύτηκε σε:
Λεπτομέρειες βιβλιογραφικής εγγραφής
Κύριος συγγραφέας: Σπυράκος, Ευάγγελος
Συγγραφή απο Οργανισμό/Αρχή: Πανεπιστήμιο Αιγαίου Σχολή Περιβάλλοντος Τμήμα Επιστημών της Θάλασσας Πρόγραμμα Μεταπτυχιακών Σπουδών Διαχείριση Παράκτιων Περιοχών
Άλλοι συγγραφείς: Κουτσούμπας, Δρόσος (Εισηγητής διατριβής)
Μορφή: Thesis Βιβλίο
Γλώσσα:Greek
Δημοσίευση: Μυτιλήνη : Πανεπιστήμιο Αιγαίου, Σχολή Περιβάλλοντος, Τμήμα Επιστημών της Θάλασσας, 2006
Θέματα:
Ετικέτες: Προσθήκη ετικέτας
Δεν υπάρχουν, Καταχωρήστε ετικέτα πρώτοι!

MARC

LEADER 00000cam a2200000 i 4500
001 1/43933
008 070508s2006 gre d
035 |l 10087732 
040 |a GR-MY-UA  |b gre  |e aacr 
041 0 |a gre 
082 0 |a 577.7  |2 (22) 
100 1 |a Σπυράκος, Ευάγγελος. 
245 1 0 |a Διερεύνηση προτύπων ποικιλότητας φυτοπλαγκτικών βιοκοινοτήτων στα παράκτια μεταβατικά οικοσυστήματα των αλυκών Καλλονής Λέσβου :  |b μεταπτυχιακή διατριβή /  |c Σπυράκος Ευάγγελος ; επιβλέπων καθηγητής Δρόσος Κουτσούμπας 
260 |a Μυτιλήνη :   |b Πανεπιστήμιο Αιγαίου, Σχολή Περιβάλλοντος, Τμήμα Επιστημών της Θάλασσας,   |c 2006 
300 |a 176 σ.;  |b διαγρ., πίν.;  |c 30 εκ. 
502 # # |a Διατριβή (μεταπτυχιακή) – Πανεπιστήμιο Αιγαίου, Λέσβος, 2006. 
504 |a Βιβλιογραφία: σ. 140-152 
650 0 0 |a Phytoplankton  |x Ecology. 
650 0 0 |a Salt marsh ecology  |z Greece  |z Kallone (Lesbos Island) 
650 0 0 |a Marine biological diversity  |z Greece  |z Kallone (Lesbos Island) 
650 0 0 |a Marine ecology  |z Greece  |z Kallone (Lesbos Island) 
650 0 0 |a Dissertations, Academic  |z Greece. 
700 1 |4 ths  |a Κουτσούμπας, Δρόσος. 
710 2 |a Πανεπιστήμιο Αιγαίου  |b Σχολή Περιβάλλοντος  |b Τμήμα Επιστημών της Θάλασσας  |b Πρόγραμμα Μεταπτυχιακών Σπουδών Διαχείριση Παράκτιων Περιοχών. 
852 |a INST  |b LESVOS  |c DIATR  |e 20070508  |h 75  |p 005100038438  |q 005100038438  |t MTXE  |y 23 
852 |a INST  |b LESVOS  |c DIATR  |e 20070508  |h 76  |p 005100038437  |q 005100038437  |t MTXE  |y 23 
901 |a BIBL1-2007-2 
909 |a Λ  |b 132496 
909 |a Λ  |b 132497 
924 |a ΣΠΥΡΑΚΟΣ  |b ΕΥΑΓΓΕΛΟΣ  |y ΛΕΣΒΟΣ  |z 2006-12 
970 |a ΒΑΡΚΑ  |b ΕΛΕΥΘΕΡΙΑ  |z 2007/05/08